1059 1687 1972 1359 1811 1918 1144 1468 1271 1994 1124 1574 1318 1074 1736 1954 1052 1902 1082 1968 1408 1369 1596 1672 1453 1046 1407 1862 1671 1409 1019 1202 1003 1095 1364 1979 1949 1324 1183 1411 1662 1214 1077 1795 1012 1155 1567 1103 1461 1655 1261 1598 1982 1754 1919 1802 1623 1649 1090 1448 1648 1134 1961 1785 1437 1247 1073 1909 1767 1219 1829 1266 1035 1150 1359 1229 1201 1221 1602 1583 1446 1738 1675 1574 1310 1126 1813 1589 1308 1975 1337 1674 1568 1700 1902 1209 1112 1866 1595 BCNSPRNW ULIB Ver.6.0+V

เปลี่ยนเป็นภาษาไทย

Change to English
 แสดงรายละเอียดบรรณานุกรม
  กลับหน้าหลัก

Brief Record : Get Marc (ISO 2709) : E-mail record : QR code < ปิดหน้าต่าง
LEADER : 00000nam 2200000uu 4500
001    13399123184
003     ULIB
008    140606s2555||||th 000 0 tha d
020    ^a9789740539131
060  0 ^aWM290 ^bท363บ
245 00 ^aบุหรี่กับสุขภาพ :^bพยาบาลกับการควบคุมการบริโภคยาสูบ /^cสุปาณี เสนาดิสัย, สุรินธร กลัมพากร, บรรณาธิการ
250    ^aพิมพ์ครั้งที่ 2
260    ^aกรุงเทพฯ :^bเครือข่ายพยาบาลเพื่อการควบคุมยาสูบแห่งประเทศไทย,^c2555
300    ^a361 หน้า
536    ^aด้รับการสนับสนุนจากสำนักงานกองทุนสนับสนุนการสร้างเสริมสุขภาพ (สสส.)
650  7 ^aการสูบบุหรี่^xการควบคุม^zไทย
650  7 ^aการเลิกบุหรี่^zไทย
650  7 ^aการสูบบุหรี่^zไทย
650  7 ^aคนสูบบุหรี่^zไทย
650  7 ^aยาสูบ^xการควบคุม^zไทย
650  7 ^aพยาบาล
700 0  ^aสุปาณี เสนาดิสัย,^eบรรณาธิการ
700 0  ^aสุรินธร กลัมพากร,^eบรรณาธิการ
710 2  ^aเครือข่ายพยาบาลเพื่อการควบคุมยาสูบแห่งประเทศไทย.^bสมาคมพยาบาลแห่งประเทศไทยในพระราชูปถัมภ์สมเด็จพระศรีนครินทร์ทราบรมราชชนนี
945    ^p0^l0^i034487
999    ^aเกษร โพธิ์สุวรรณ
รายการนี้ยังไม่มีแท็ก
คุณยังไม่ได้ล็อกอิน คุณสามารถมีกิจกรรมร่วมกับเว็บไซต์ได้ แต่ต้องล็อกอินก่อน ::
  ล็อกอิน

รายการสื่อสารสนเทศ

ลำดับที่ ประเภท เลขเรียก/บาร์โค้ด สถานที่ สถานะ
1. วิทยาศาสตร์การแพทย์ และสุขภาพ
หนังสือสำรอง
สถานะ=หนังสือสำรอง
WM290 ท363บ ฉ.1 
  Barcode: 034487
ห้องสมุดวิทยาเขตสวรรค์ประชารักษ์
►ส่วนจัดเก็บหนังสือเก่า สปร
บนชั้น
  ขอยืม

รายการใกล้เคียง
    หัวเรื่อง [พยาบาล]

BibComment


ยังไม่เคยถูกคอมเมนท์

คอมเมนท์ทรัพยากรรายการนี้
  คอมเมนท์: บุหรี่กับสุขภาพ ..


 Copyright 2026. Bcnsprnw @Library